| 000 | 00634nam a2200241 i 4500 | ||
|---|---|---|---|
| 001 | 15840 | ||
| 003 | ES-MaACL | ||
| 005 | 20230906151152.0 | ||
| 007 | t| | ||
| 008 | 000508s1998 sp |||| | spa j | ||
| 020 | _a84-8190-132-6 | ||
| 040 |
_aM-BN _bspa _cM-BN |
||
| 080 | _a821.134.2-14"19" | ||
| 100 | 1 |
_aDíez Serrano, Isabel. _944650 |
|
| 245 | 1 | 4 |
_aLas horas detenidas / _cIsabel Díez Serrano. |
| 250 | _a1ª ed. | ||
| 260 |
_aVigo : _bCardeñoso, _c1998. |
||
| 300 |
_a75 p. : _bil. ; _c21 cm. |
||
| 490 | 1 |
_aPoesía ; _v1 |
|
| 830 | 0 |
_aPoesía ; _v1 _9177794 |
|
| 852 |
_aES-MaACL _jL-23069 |
||
| 999 |
_c15840 _d15840 |
||